[Event "Titled Tuesday intern op 10th Jan Early"]
[Site "Chess.com INT"]
[Date "2023.01.10"]
[Round "1"]
[White "Acor, Corey B"]
[Black "Khalafova, Narmin Ilgar Qizi"]
[Result "1-0"]
[WhiteElo "2240"]
[BlackElo "2246"]
[PlyCount "85"]
[EventDate "2023.01.10"]
[EventType "swiss (blitz)"]
[EventRounds "11"]
[EventCountry "USA"]
[SourceTitle "EXT 2024"]
[Source "ChessBase"]
[SourceDate "2023.10.10"]
[SourceVersion "1"]
[SourceVersionDate "2023.10.10"]
[SourceQuality "1"]

1. e4 c5 2. Nc3 d6 3. g3 Nc6 4. Bg2 g6 5. d3 Bg7 6. Be3 e5 7. f4 Nge7 8. Nf3 0-0 9. fxe5 Nxe5 10. Nxe5 Bxe5 11. 0-0 Nc6 12. Qd2 Be6 13. Rf2 Bg7 14. Raf1 Qd7 15. Bh6 Nd4 16. Nd1 Rae8 17. Bxg7 Kxg7 18. Ne3 b5 19. c3 Nc6 20. d4 cxd4 21. cxd4 Bh3 22. Nd5 Bxg2 23. Kxg2 Re6 24. Nf6 Rxf6 25. Rxf6 d5 26. e5 Nd8 27. Rd6 Qb7 28. Qf4 Qe7 29. Qf6+ Qxf6 30. exf6+ Kg8 31. Rxd5 Ne6 32. Rxb5 Nxd4 33. Rb7 Rc8 34. Rxa7 Rc2+ 35. Rf2 Rc8 36. b4 h5 37. a4 Rc4 38. b5 Rb4 39. Rd2 Ne6 40. Rc2 h4 41. Rc8+ Kh7 42. gxh4 Nf4+ 43. Kf3 1-0

[Event "Titled Tuesday intern op 10th Jan Early"]
[Site "Chess.com INT"]
[Date "2023.01.10"]
[Round "11"]
[White "Gheorghiu, Calin"]
[Black "Khalafova, Narmin Ilgar Qizi"]
[Result "1-0"]
[WhiteElo "2317"]
[BlackElo "2246"]
[PlyCount "97"]
[EventDate "2023.01.10"]
[EventType "swiss (blitz)"]
[EventRounds "11"]
[EventCountry "USA"]
[SourceTitle "EXT 2024"]
[Source "ChessBase"]
[SourceDate "2023.10.10"]
[SourceVersion "1"]
[SourceVersionDate "2023.10.10"]
[SourceQuality "1"]

1. b3 Nf6 2. Bb2 g6 3. g3 Bg7 4. Bg2 0-0 5. e3 d5 6. Ne2 c5 7. d3 Nc6 8. Nd2 Bg4 9. h3 Bf5 10. g4 Bc8 11. 0-0 h5 12. g5 Ne8 13. Qc1 e5 14. f4 Nc7 15. Nf3 exf4 16. Bxg7 Kxg7 17. Nxf4 Ne6 18. Qb2+ Kh7 19. c4 Nxf4 20. exf4 d4 21. Rae1 Bf5 22. Qd2 Qc8 23. Kh2 Re8 24. Nh4 Rxe1 25. Rxe1 Be6 26. a3 Ne7 27. b4 Nf5 28. Nxf5 Bxf5 29. Re5 cxb4 30. Qxb4 Bxd3 31. Bxb7 Qf8 32. Bxa8 Qxa8 33. Re7 Kg7 34. Qd6 Bxc4 35. Qe5+ Kf8 36. Qh8+ Kxe7 37. Qxa8 d3 38. Qxa7+ Kd6 39. Qd4+ Kc6 40. Qxc4+ Kb6 41. Qxd3 Ka5 42. Qd5+ Ka4 43. Qxf7 Kxa3 44. Qxg6 Kb2 45. Qxh5 Kc3 46. Qe2 Kd4 47. f5 Kd5 48. f6 Kd4 49. f7 1-0

[Event "Titled Tuesday intern op 10th Jan Early"]
[Site "Chess.com INT"]
[Date "2023.01.10"]
[Round "3"]
[White "Khalafova, Narmin Ilgar Qizi"]
[Black "Cardozo Munar, Carlos Eduardo"]
[Result "1-0"]
[WhiteElo "2246"]
[BlackElo "2043"]
[PlyCount "105"]
[EventDate "2023.01.10"]
[EventType "swiss (blitz)"]
[EventRounds "11"]
[EventCountry "USA"]
[SourceTitle "EXT 2024"]
[Source "ChessBase"]
[SourceDate "2023.10.10"]
[SourceVersion "1"]
[SourceVersionDate "2023.10.10"]
[SourceQuality "1"]

1. e4 e6 2. d4 d5 3. Nd2 c5 4. Ngf3 Nc6 5. Bb5 Bd7 6. exd5 exd5 7. c3 Nf6 8. 0-0 Be7 9. Re1 0-0 10. h3 a6 11. Bd3 b5 12. Ne5 cxd4 13. cxd4 Nxd4 14. Ndf3 Nxf3+ 15. Qxf3 Bd6 16. Bg5 Bxe5 17. Rxe5 Be6 18. Rae1 Rc8 19. Qg3 Re8 20. Bh6 g6 21. Rxe6 Rxe6 22. Rxe6 fxe6 23. Bxg6 Qe7 24. Bd3+ Kh8 25. Qe5 Rg8 26. g4 Rg7 27. Bxg7+ Qxg7 28. g5 Nd7 29. Qxe6 Qxg5+ 30. Kf1 Nf6 31. Qf7 Qg7 32. Qe6 Qg5 33. Qc8+ Qg8 34. Qxa6 Ne4 35. Bxe4 dxe4 36. Qf6+ Qg7 37. Qxg7+ Kxg7 38. Ke2 Kf6 39. Ke3 Ke5 40. a3 Kf5 41. b3 Ke5 42. a4 bxa4 43. bxa4 Kd5 44. a5 Kc5 45. Kxe4 Kb5 46. f4 Kxa5 47. f5 Kb6 48. f6 Kc7 49. f7 Kd7 50. f8Q Ke6 51. Qh6+ Kd7 52. Qxh7+ Ke6 53. Qg6+ 1-0

[Event "Titled Tuesday intern op 10th Jan Early"]
[Site "Chess.com INT"]
[Date "2023.01.10"]
[Round "5"]
[White "Khalafova, Narmin Ilgar Qizi"]
[Black "Johnson, Ben"]
[Result "1/2-1/2"]
[WhiteElo "2246"]
[BlackElo "2021"]
[PlyCount "85"]
[EventDate "2023.01.10"]
[EventType "swiss (blitz)"]
[EventRounds "11"]
[EventCountry "USA"]
[SourceTitle "EXT 2024"]
[Source "ChessBase"]
[SourceDate "2023.10.10"]
[SourceVersion "1"]
[SourceVersionDate "2023.10.10"]
[SourceQuality "1"]

1. e4 c5 2. Be2 Nc6 3. f4 g6 4. Nf3 Bg7 5. 0-0 d6 6. c3 Bg4 7. d3 Nf6 8. Be3 0-0 9. Nbd2 Rb8 10. Qe1 b5 11. Qh4 Bxf3 12. Nxf3 Qd7 13. h3 b4 14. Ng5 h6 15. Nf3 bxc3 16. bxc3 Rb2 17. Bd1 Nh7 18. Bb3 Na5 19. Bd1 Rfb8 20. Nh2 Rb1 21. Rxb1 Rxb1 22. Ng4 h5 23. Nh2 Rxd1 24. Rxd1 Bxc3 25. f5 Bd4 26. Bxd4 cxd4 27. Nf3 Qa4 28. Rb1 Nc6 29. Rc1 Nf6 30. fxg6 fxg6 31. Qg5 Kg7 32. e5 dxe5 33. Nxe5 Nxe5 34. Qxe5 Qa3 35. Rc7 Kf7 36. Qxd4 Qa5 37. Qd8 Qe1+ 38. Kh2 Ng4+ 39. hxg4 Qh4+ 40. Kg1 Qe1+ 41. Kh2 Qh4+ 42. Kg1 Qe1+ 43. Kh2 1/2-1/2

[Event "Titled Tuesday intern op 10th Jan Early"]
[Site "Chess.com INT"]
[Date "2023.01.10"]
[Round "2"]
[White "Santos Ruiz, Miguel"]
[Black "Khalafova, Narmin Ilgar Qizi"]
[Result "1-0"]
[WhiteElo "2587"]
[BlackElo "2246"]
[PlyCount "125"]
[EventDate "2023.01.10"]
[EventType "swiss (blitz)"]
[EventRounds "11"]
[EventCountry "USA"]
[SourceTitle "EXT 2024"]
[Source "ChessBase"]
[SourceDate "2023.10.10"]
[SourceVersion "1"]
[SourceVersionDate "2023.10.10"]
[SourceQuality "1"]

1. e4 c5 2. Nf3 d6 3. c3 Nf6 4. Be2 g6 5. 0-0 Bg7 6. Bb5+ Nbd7 7. Re1 0-0 8. d4 e5 9. dxe5 Nxe5 10. Nxe5 dxe5 11. f3 Be6 12. Qxd8 Rfxd8 13. Bf1 a6 14. Be3 c4 15. a4 b5 16. Na3 Rab8 17. axb5 axb5 18. Nc2 Nd7 19. Nb4 Rdc8 20. Ra7 Bf8 21. Rd1 Bc5 22. Bxc5 Nxc5 23. Kf2 Na4 24. Rd2 Rd8 25. Nd5 Kg7 26. Bxc4 Nxc3 27. bxc3 bxc4 28. Rc7 Rdc8 29. Rxc8 Rxc8 30. Rb2 Bxd5 31. exd5 Rc5 32. d6 Rd5 33. Rb6 Kf6 34. Rc6 Ke6 35. Rxc4 Rd2+ 36. Kf1 Kxd6 37. Rc8 Rc2 38. h4 f5 39. Rh8 e4 40. fxe4 fxe4 41. Rxh7 e3 42. Rh6 Ke5 43. Rxg6 Kf4 44. h5 Rf2+ 45. Ke1 Rc2 46. h6 e2 47. h7 Ke3 48. Re6+ Kd3 49. h8Q Rc1+ 50. Kf2 Rf1+ 51. Kg3 e1Q+ 52. Rxe1 Rxe1 53. Qd4+ Kc2 54. c4 Rd1 55. Qxd1+ Kxd1 56. c5 Kd2 57. c6 Kd1 58. c7 Kd2 59. c8Q Kd1 60. Qd7+ Kc2 61. Kf3 Kc3 62. Ke3 Kc2 63. Qc6+ 1-0

[Event "Titled Tuesday intern op 20th July"]
[Site "Chess.com INT"]
[Date "2021.07.20"]
[Round "11"]
[White "Arkell, Keith C"]
[Black "Khalafova, Narmin Ilgar Qizi"]
[Result "1-0"]
[WhiteElo "2381"]
[BlackElo "2279"]
[PlyCount "61"]
[EventDate "2021.07.20"]
[EventType "swiss (blitz)"]
[EventRounds "11"]
[EventCountry "USA"]
[SourceTitle "CBM 203 Extra"]
[Source "ChessBase"]
[SourceDate "2021.09.30"]
[SourceVersion "1"]
[SourceVersionDate "2021.09.30"]
[SourceQuality "1"]

1. d4 d5 2. Nf3 Nf6 3. c4 c6 4. Qc2 g6 5. Bf4 Bg7 6. e3 0-0 7. Nc3 Bg4 8. Ne5 Bf5 9. Qb3 Qb6 10. h3 Be6 11. c5 Qxb3 12. axb3 Nbd7 13. b4 Nxe5 14. Bxe5 Nd7 15. Bxg7 Kxg7 16. b5 f6 17. b4 Bf7 18. Kd2 e5 19. Be2 f5 20. bxc6 bxc6 21. Ra6 Rfb8 22. Rb1 Rc8 23. Rba1 Rc7 24. b5 cxb5 25. Nxb5 Rcc8 26. Rxa7 Rxa7 27. Rxa7 Nf6 28. Rxf7+ Kxf7 29. Nd6+ Ke6 30. Nxc8 Ne4+ 31. Ke1 1-0

[Event "Titled Tuesday intern op 20th July"]
[Site "Chess.com INT"]
[Date "2021.07.20"]
[Round "9"]
[White "Kubatko, Ivan"]
[Black "Khalafova, Narmin Ilgar Qizi"]
[Result "0-1"]
[WhiteElo "2257"]
[BlackElo "2279"]
[PlyCount "70"]
[EventDate "2021.07.20"]
[EventType "swiss (blitz)"]
[EventRounds "11"]
[EventCountry "USA"]
[SourceTitle "CBM 203 Extra"]
[Source "ChessBase"]
[SourceDate "2021.09.30"]
[SourceVersion "1"]
[SourceVersionDate "2021.09.30"]
[SourceQuality "1"]

1. e4 c5 2. Nc3 d6 3. f4 g6 4. d4 Nd7 5. dxc5 Nxc5 6. Qd4 Nf6 7. e5 Ne6 8. Bb5+ Nd7 9. Qa4 Bg7 10. exd6 0-0 11. Nf3 exd6 12. Be3 a6 13. 0-0 Ndc5 14. Qa3 b6 15. Bc6 Rb8 16. Rad1 b5 17. Nd5 a5 18. c3 b4 19. cxb4 axb4 20. Nxb4 Qb6 21. Nd5 Qxb2 22. Qxb2 Rxb2 23. Ne7+ Kh8 24. a4 Ba6 25. Rfe1 Nd3 26. Rf1 Ndxf4 27. Rf2 Ne2+ 28. Kh1 Rb3 29. Bd2 h5 30. Re1 N2d4 31. Bd5 Nxf3 32. Bxb3 Nxe1 33. Bxe1 Nd4 34. Bd5 Kh7 35. g3 Be5 0-1

[Event "Titled Tuesday intern op 06th July"]
[Site "Chess.com INT"]
[Date "2021.07.06"]
[Round "8"]
[White "Devaev, Alexander"]
[Black "Khalafova, Narmin Ilgar Qizi"]
[Result "0-1"]
[WhiteElo "2325"]
[BlackElo "2279"]
[PlyCount "80"]
[EventDate "2021.07.06"]
[EventType "swiss (blitz)"]
[EventRounds "11"]
[EventCountry "USA"]
[SourceTitle "EXT 2022"]
[Source "ChessBase"]
[SourceDate "2021.10.06"]
[SourceVersion "1"]
[SourceVersionDate "2021.10.06"]
[SourceQuality "1"]

1. d4 d5 2. c4 c6 3. cxd5 cxd5 4. Nc3 Nf6 5. Bf4 Nc6 6. e3 a6 7. Bd3 Bg4 8. f3 Bd7 9. Nge2 e6 10. 0-0 Be7 11. Rc1 0-0 12. Na4 Re8 13. Bg5 h6 14. Bh4 Nh5 15. Bxe7 Qxe7 16. Nc5 Rab8 17. Bb1 e5 18. Ng3 Nxg3 19. hxg3 Red8 20. Re1 Qg5 21. Kf2 exd4 22. exd4 Bf5 23. Bxf5 Qxf5 24. Qd2 Rd6 25. Rc3 Qf6 26. Rd3 a5 27. a3 b6 28. Nb3 a4 29. Na1 Na5 30. Qf4 Qd8 31. b3 axb3 32. Nxb3 Nc4 33. a4 Ra8 34. Ra1 Re6 35. Nd2 Qe8 36. Nxc4 Re2+ 37. Kg1 dxc4 38. Rc3 Re1+ 39. Rxe1 Qxe1+ 40. Kh2 Qxc3 0-1

[Event "Titled Tuesday intern op 06th July"]
[Site "Chess.com INT"]
[Date "2021.07.06"]
[Round "7"]
[White "Khalafova, Narmin Ilgar Qizi"]
[Black "Muzzi, Eduardo"]
[Result "1-0"]
[WhiteElo "2279"]
[BlackElo "1938"]
[PlyCount "63"]
[EventDate "2021.07.06"]
[EventType "swiss (blitz)"]
[EventRounds "11"]
[EventCountry "USA"]
[SourceTitle "EXT 2022"]
[Source "ChessBase"]
[SourceDate "2021.10.06"]
[SourceVersion "1"]
[SourceVersionDate "2021.10.06"]
[SourceQuality "1"]

1. e4 e6 2. d4 d5 3. Nd2 Nf6 4. e5 Nfd7 5. Bd3 c5 6. c3 Nc6 7. Ngf3 Be7 8. 0-0 a5 9. a4 cxd4 10. cxd4 Nb4 11. Bb1 Nb6 12. Re1 Bd7 13. h4 g6 14. Nf1 Bxh4 15. Nxh4 Qxh4 16. Ra3 Rc8 17. Rh3 Qe7 18. b3 Qd8 19. Bh6 Qc7 20. Nh2 Nc2 21. Re2 Nb4 22. Ng4 Nxa4 23. bxa4 Qc6 24. Nf6+ Ke7 25. Bg5 Kf8 26. Bh6+ Ke7 27. Re1 Qxa4 28. Qg4 Nc2 29. Qg5 Bb5 30. Nxd5+ Kd7 31. Qe7+ Kc6 32. Qd6# 1-0

[Event "Titled Tuesday intern op 06th July"]
[Site "Chess.com INT"]
[Date "2021.07.06"]
[Round "4"]
[White "Khalafova, Narmin Ilgar Qizi"]
[Black "Pourkashiyan, Atousa"]
[Result "1/2-1/2"]
[WhiteElo "2279"]
[BlackElo "2322"]
[PlyCount "128"]
[EventDate "2021.07.06"]
[EventType "swiss (blitz)"]
[EventRounds "11"]
[EventCountry "USA"]
[SourceTitle "EXT 2022"]
[Source "ChessBase"]
[SourceDate "2021.10.06"]
[SourceVersion "1"]
[SourceVersionDate "2021.10.06"]
[SourceQuality "1"]

1. e4 c5 2. Be2 e6 3. f4 d5 4. d3 dxe4 5. dxe4 Qxd1+ 6. Bxd1 Nf6 7. e5 Nd5 8. c4 Nb4 9. Ke2 N8c6 10. Nf3 b6 11. a3 Na6 12. Nc3 Nc7 13. Be3 Bb7 14. Bc2 Be7 15. Rad1 h6 16. Ne4 Rd8 17. Rxd8+ Nxd8 18. Rd1 Bxe4 19. Bxe4 f5 20. Bc2 a6 21. b4 Nc6 22. bxc5 b5 23. Bd3 Kf7 24. cxb5 axb5 25. Rb1 Nd5 26. Bxb5 Nc3+ 27. Kd3 Nxb1 28. Bxc6 Rc8 29. Nd4 Bxc5 30. Bd7 Bxd4 31. Bxc8 Bxe3 32. Kxe3 Nxa3 33. Kd4 Nc2+ 34. Kc5 Ke7 35. Bb7 Ne3 36. Kd4 Nf1 37. h3 Nd2 38. Kc3 Nf1 39. Kd3 Ng3 40. Bc6 g5 41. Ke3 Nh5 42. fxg5 hxg5 43. Bf3 Nf4 44. h4 Ng6 45. hxg5 Nxe5 46. Be2 Kf7 47. Kd4 Nd7 48. Bh5+ Kg7 49. g3 e5+ 50. Kd5 e4 51. Be8 Nb6+ 52. Ke5 e3 53. Bb5 Kg6 54. Kf4 Nd5+ 55. Kf3 Nc3 56. Bd3 e2 57. Bxe2 Kxg5 58. Bd3 Nd5 59. Bxf5 Kxf5 60. g4+ Kg5 61. Kg3 Nf6 62. Kf3 Nd7 63. Kg3 Ne5 64. Kh3 Nxg4 1/2-1/2

[Event "Titled Tuesday intern op 06th July"]
[Site "Chess.com INT"]
[Date "2021.07.06"]
[Round "6"]
[White "Rodrigues, Leonardo De Miranda"]
[Black "Khalafova, Narmin Ilgar Qizi"]
[Result "0-1"]
[WhiteElo "2163"]
[BlackElo "2279"]
[PlyCount "72"]
[EventDate "2021.07.06"]
[EventType "swiss (blitz)"]
[EventRounds "11"]
[EventCountry "USA"]
[SourceTitle "EXT 2022"]
[Source "ChessBase"]
[SourceDate "2021.10.06"]
[SourceVersion "1"]
[SourceVersionDate "2021.10.06"]
[SourceQuality "1"]

1. d4 d5 2. Nf3 Nf6 3. e3 g6 4. Bd3 Bg7 5. Nbd2 0-0 6. Ne5 c5 7. c3 Nc6 8. f4 Bf5 9. Bxf5 gxf5 10. Qc2 e6 11. 0-0 Rc8 12. Qd3 Ne4 13. Ndf3 Ne7 14. Qe2 c4 15. Ng5 Nxg5 16. fxg5 Bxe5 17. dxe5 Ng6 18. Qh5 Nxe5 19. Rf4 Ng6 20. Rf3 Rc7 21. Rh3 f6 22. gxf6 Qxf6 23. Bd2 Rff7 24. Rf1 Qe5 25. Rff3 Qe4 26. Rfg3 Rg7 27. Qg5 Rce7 28. Be1 Qb1 29. Kf1 Qxb2 30. e4 fxe4 31. Kg1 Qb1 32. Qe3 Qb6 33. Qxb6 axb6 34. Bf2 Nf4 35. Rxg7+ Rxg7 36. Rh4 Nxg2 0-1

[Event "Titled Tuesday intern op 06th July"]
[Site "Chess.com INT"]
[Date "2021.07.06"]
[Round "2"]
[White "Tristan, Leonardo"]
[Black "Khalafova, Narmin Ilgar Qizi"]
[Result "1-0"]
[WhiteElo "2535"]
[BlackElo "2279"]
[PlyCount "139"]
[EventDate "2021.07.06"]
[EventType "swiss (blitz)"]
[EventRounds "11"]
[EventCountry "USA"]
[SourceTitle "EXT 2022"]
[Source "ChessBase"]
[SourceDate "2021.10.06"]
[SourceVersion "1"]
[SourceVersionDate "2021.10.06"]
[SourceQuality "1"]

1. d4 d5 2. Bg5 g6 3. Nf3 Bg7 4. e3 Nf6 5. Nbd2 0-0 6. Bd3 c5 7. c3 b6 8. 0-0 Nc6 9. a3 Bb7 10. b4 Rc8 11. Re1 Re8 12. h3 e5 13. Bb5 e4 14. Ne5 Nxe5 15. Bxe8 Nd3 16. Bb5 Nxe1 17. Qxe1 cxb4 18. cxb4 Qc7 19. Nb3 Qc3 20. Qxc3 Rxc3 21. Nd2 Rc2 22. Nf1 Kf8 23. Ng3 Ke7 24. Bf1 Ke6 25. a4 a6 26. Ne2 Ne8 27. Nf4+ Kd7 28. Bh4 Bf8 29. b5 a5 30. Bg3 Nd6 31. h4 Nf5 32. h5 Bb4 33. Bh2 g5 34. Ne2 h6 35. Ng3 Nd6 36. Ne2 Nc4 37. Be5 Nb2 38. Bg7 Nd3 39. Bxh6 f6 40. Bg7 Ke6 41. h6 Kf7 42. Ng3 Be1 43. Rxe1 Nxe1 44. Nf5 Kg6 45. Nd6 Ba8 46. g3 Nf3+ 47. Kh1 Nd2 48. Bh3 Kh7 49. Bf5+ Kg8 50. Ne8 Nf3 51. h7+ Kf7 52. h8Q Rc1+ 53. Kg2 Rg1+ 54. Kh3 Rh1+ 55. Kg4 Rxh8 56. Bxh8 Kxe8 57. Bg6+ Ke7 58. Kf5 Ne1 59. Bxf6+ Kd6 60. Be5+ Kd7 61. g4 Nd3 62. Bg3 Bb7 63. Kxg5 Bc8 64. Bf5+ Kd8 65. Bxc8 Kxc8 66. Kf6 Nb2 67. g5 Nxa4 68. g6 Nc3 69. g7 a4 70. g8Q+ 1-0

[Event "Titled Tuesday intern op 15th June"]
[Site "Chess.com INT"]
[Date "2021.06.15"]
[Round "5"]
[White "Khalafova, Narmin Ilgar Qizi"]
[Black "Shahade, Gregory P"]
[Result "0-1"]
[WhiteElo "2279"]
[BlackElo "2476"]
[PlyCount "94"]
[EventDate "2021.06.15"]
[EventType "swiss (blitz)"]
[EventRounds "11"]
[EventCountry "USA"]
[SourceTitle "CBM 203 Extra"]
[Source "ChessBase"]
[SourceDate "2021.09.30"]
[SourceVersion "1"]
[SourceVersionDate "2021.09.30"]
[SourceQuality "1"]

1. e4 e5 2. Nf3 Nc6 3. Bb5 a6 4. Ba4 Nf6 5. 0-0 Be7 6. d3 b5 7. Bb3 d6 8. h3 Na5 9. Nc3 0-0 10. Bg5 h6 11. Bxf6 Bxf6 12. Nd5 c6 13. Nxf6+ Qxf6 14. d4 Re8 15. Re1 Ra7 16. c3 Nxb3 17. axb3 Rae7 18. dxe5 dxe5 19. b4 Rd7 20. Qe2 Rd6 21. Red1 Red8 22. Rxd6 Qxd6 23. Qe3 f6 24. Nh4 Qd2 25. Qb6 Kh7 26. Nf3 Qxb2 27. Qxd8 Qxa1+ 28. Kh2 Be6 29. Qd6 Qa2 30. Qxc6 Bc4 31. Qc5 Qc2 32. Qe3 Bd3 33. Nd2 Qxc3 34. Nf3 Qc4 35. Nd2 Qc2 36. Nf3 Bxe4 37. Ne1 Qb1 38. f3 Bg6 39. h4 Qxb4 40. h5 Qh4+ 41. Kg1 Qxh5 42. Nd3 Bxd3 43. Qxd3+ Qg6 44. Qa3 Qb1+ 45. Kh2 b4 46. Qxa6 b3 47. Qb7 Qc2 0-1

[Event "Titled Tuesday intern op 15th June"]
[Site "Chess.com INT"]
[Date "2021.06.15"]
[Round "3"]
[White "Osmak, Iulija"]
[Black "Khalafova, Narmin Ilgar Qizi"]
[Result "0-1"]
[WhiteElo "2418"]
[BlackElo "2279"]
[PlyCount "56"]
[EventDate "2021.06.15"]
[EventType "swiss (blitz)"]
[EventRounds "11"]
[EventCountry "USA"]
[SourceTitle "CBM 203 Extra"]
[Source "ChessBase"]
[SourceDate "2021.09.30"]
[SourceVersion "1"]
[SourceVersionDate "2021.09.30"]
[SourceQuality "1"]

1. g3 g6 2. Bg2 Bg7 3. d4 d6 4. e4 Nc6 5. c3 e5 6. Ne2 Nf6 7. 0-0 0-0 8. h3 Re8 9. d5 Ne7 10. c4 c6 11. Nbc3 cxd5 12. cxd5 Nd7 13. h4 f5 14. h5 Nf6 15. hxg6 Nxg6 16. Bg5 h6 17. Be3 f4 18. gxf4 Ng4 19. f5 Qh4 20. Re1 Qh2+ 21. Kf1 Nh4 22. Nf4 Nxe3+ 23. fxe3 exf4 24. Qg4 h5 25. Qg5 f3 26. Bxf3 Nxf3 27. Qg6 Bd7 28. f6 Bh3+ 0-1

[Event "Speed Chess (Women) Q5"]
[Site "Chess.com INT"]
[Date "2021.06.04"]
[Round "7"]
[White "Babiy, Olga"]
[Black "Khalafova, Narmin Ilgar Qizi"]
[Result "0-1"]
[WhiteElo "2280"]
[BlackElo "2279"]
[PlyCount "68"]
[EventDate "2021.06.04"]
[EventType "swiss (blitz)"]
[EventRounds "9"]
[EventCountry "USA"]
[SourceTitle "CBM 202 Extra"]
[Source "ChessBase"]
[SourceDate "2021.07.31"]
[SourceVersion "1"]
[SourceVersionDate "2021.07.31"]
[SourceQuality "1"]

1. d4 d5 2. Bf4 Nf6 3. e3 g6 4. Nd2 Bg7 5. Ngf3 0-0 6. h3 c5 7. c3 Nc6 8. dxc5 a5 9. Bb5 Nd7 10. Nb3 a4 11. Nbd4 Nxc5 12. Bxc6 bxc6 13. Nxc6 Qe8 14. Qxd5 Nd3+ 15. Qxd3 Qxc6 16. c4 Bxb2 17. 0-0 Bf5 18. Qe2 Bxa1 19. Rxa1 Rfc8 20. Rc1 a3 21. Nd4 Qc5 22. g4 Be4 23. Bh6 e5 24. Nf3 Rab8 25. Ng5 Ba8 26. Qd2 Qc6 27. f3 Rd8 28. Qc3 Qc5 29. Rc2 Rb2 30. Kf2 Rdb8 31. Kg3 Rxc2 32. Qxc2 Qxe3 33. Qa4 Qg1+ 34. Kh4 Qe1# 0-1

[Event "Speed Chess (Women) Q5"]
[Site "Chess.com INT"]
[Date "2021.06.04"]
[Round "2"]
[White "Khalafova, Narmin Ilgar Qizi"]
[Black "Tsolakidou, Stavroula"]
[Result "0-1"]
[WhiteElo "2279"]
[BlackElo "2379"]
[PlyCount "76"]
[EventDate "2021.06.04"]
[EventType "swiss (blitz)"]
[EventRounds "9"]
[EventCountry "USA"]
[SourceTitle "CBM 202 Extra"]
[Source "ChessBase"]
[SourceDate "2021.07.31"]
[SourceVersion "1"]
[SourceVersionDate "2021.07.31"]
[SourceQuality "1"]

1. e4 c5 2. Be2 Nc6 3. f4 d6 4. Nf3 Nf6 5. d3 g6 6. 0-0 Bg7 7. Qe1 b6 8. Qh4 Bb7 9. Nc3 Qd7 10. e5 dxe5 11. fxe5 Nd5 12. e6 Qxe6 13. Ng5 Qd7 14. Rxf7 Bd4+ 15. Kh1 Ne5 16. Rxh7 Rxh7 17. Qxh7 0-0-0 18. Nce4 Nf6 19. Qh4 Nxe4 20. Nxe4 Nf7 21. Bg4 e6 22. Qh3 Bd5 23. c4 Rh8 24. cxd5 Rxh3 25. Bxe6 Rxd3 26. Bg5 Kc7 27. Bxd7 Kxd7 28. Rf1 Nxg5 29. Nxg5 Bxb2 30. Rf7+ Ke8 31. Rf1 Rxd5 32. Ne6 Ke7 33. Nc7 Rd7 34. Nb5 a6 35. Re1+ Kf7 36. Rf1+ Kg7 37. g3 axb5 38. Rb1 Rd2 0-1

[Event "Speed Chess (Women) Q5"]
[Site "Chess.com INT"]
[Date "2021.06.04"]
[Round "4"]
[White "Khalafova, Narmin Ilgar Qizi"]
[Black "Vantika, Agrawal"]
[Result "1-0"]
[WhiteElo "2279"]
[BlackElo "2286"]
[PlyCount "79"]
[EventDate "2021.06.04"]
[EventType "swiss (blitz)"]
[EventRounds "9"]
[EventCountry "USA"]
[SourceTitle "CBM 202 Extra"]
[Source "ChessBase"]
[SourceDate "2021.07.31"]
[SourceVersion "1"]
[SourceVersionDate "2021.07.31"]
[SourceQuality "1"]

1. e4 c5 2. Be2 Nc6 3. f4 g6 4. Nf3 Bg7 5. 0-0 d6 6. c3 Bg4 7. Na3 Nf6 8. d3 0-0 9. Nc4 b5 10. Ne3 Bxf3 11. Rxf3 Rb8 12. Rh3 b4 13. Qe1 bxc3 14. bxc3 e6 15. g4 d5 16. g5 Nd7 17. exd5 exd5 18. Nxd5 Re8 19. Be3 Nb6 20. Nxb6 axb6 21. Rc1 Ra8 22. Bf3 Qd7 23. Rg3 Rxa2 24. Be4 Ne7 25. Bd2 Nd5 26. Ra1 Rxa1 27. Qxa1 Ne7 28. Qa6 Nf5 29. Rg2 b5 30. Bc6 Qd6 31. Qxb5 Rd8 32. Be4 Ne7 33. Qc4 Rb8 34. Rf2 Rb1+ 35. Kg2 h5 36. Be3 Qd7 37. h3 Nf5 38. Bxc5 Nh4+ 39. Kh2 Kh7 40. Qd5 1-0

[Event "Speed Chess (Women) Q5"]
[Site "Chess.com INT"]
[Date "2021.06.04"]
[Round "1"]
[White "Khalafova, Narmin Ilgar Qizi"]
[Black "Von Herman, Brigitte"]
[Result "1-0"]
[WhiteElo "2279"]
[BlackElo "1991"]
[PlyCount "37"]
[EventDate "2021.06.04"]
[EventType "swiss (blitz)"]
[EventRounds "9"]
[EventCountry "USA"]
[SourceTitle "CBM 202 Extra"]
[Source "ChessBase"]
[SourceDate "2021.07.31"]
[SourceVersion "1"]
[SourceVersionDate "2021.07.31"]
[SourceQuality "1"]

1. e4 e5 2. Nf3 Nc6 3. Bb5 a6 4. Ba4 Nf6 5. 0-0 Be7 6. d3 b5 7. Bb3 d6 8. h3 0-0 9. a4 b4 10. Nbd2 Na5 11. Ba2 Rb8 12. Re1 c5 13. Nf1 b3 14. Bb1 bxc2 15. Bxc2 Bb7 16. g4 h6 17. Ng3 Nb3 18. Bxb3 Bc6 19. Bc4 1-0

[Event "Speed Chess (Women) Q2"]
[Site "Chess.com INT"]
[Date "2021.05.29"]
[Round "13"]
[White "Gaponenko, Inna"]
[Black "Khalafova, Narmin Ilgar Qizi"]
[Result "1-0"]
[WhiteElo "2357"]
[BlackElo "2279"]
[PlyCount "61"]
[EventDate "2021.05.29"]
[EventType "swiss (blitz)"]
[EventRounds "13"]
[EventCountry "USA"]
[SourceTitle "CBM 202 Extra"]
[Source "ChessBase"]
[SourceDate "2021.07.31"]
[SourceVersion "1"]
[SourceVersionDate "2021.07.31"]
[SourceQuality "1"]

1. e4 c5 2. c3 b6 3. d4 cxd4 4. cxd4 Bb7 5. Nc3 g6 6. Nf3 Bg7 7. Bc4 e6 8. 0-0 Ne7 9. d5 exd5 10. exd5 d6 11. Bb5+ Kf8 12. Re1 a6 13. Ba4 b5 14. Bb3 h6 15. Bf4 g5 16. Bg3 Nf5 17. Bc2 Nxg3 18. fxg3 Nd7 19. Rf1 Ne5 20. Nxe5 Bxe5 21. Bg6 f6 22. Bf5 Kg7 23. Be6 h5 24. Qd3 Qb6+ 25. Kh1 g4 26. Ne4 h4 27. Qe2 hxg3 28. Qxg4+ Kf8 29. h3 Rh6 30. Qg8+ Ke7 31. Qf7+ 1-0

[Event "Speed Chess (Women) Q2"]
[Site "Chess.com INT"]
[Date "2021.05.29"]
[Round "7"]
[White "Khalafova, Narmin Ilgar Qizi"]
[Black "Bivol, Alina"]
[Result "1/2-1/2"]
[WhiteElo "2279"]
[BlackElo "2385"]
[PlyCount "70"]
[EventDate "2021.05.29"]
[EventType "swiss (blitz)"]
[EventRounds "13"]
[EventCountry "USA"]
[SourceTitle "CBM 202 Extra"]
[Source "ChessBase"]
[SourceDate "2021.07.31"]
[SourceVersion "1"]
[SourceVersionDate "2021.07.31"]
[SourceQuality "1"]

1. e4 e6 2. d4 d5 3. Nd2 c5 4. Ngf3 Nc6 5. exd5 exd5 6. Bb5 Qe7+ 7. Be2 Qc7 8. 0-0 Nf6 9. Re1 Be7 10. dxc5 0-0 11. Nb3 a5 12. a4 Be6 13. h3 Ne4 14. Bd3 Rad8 15. c3 h6 16. Nfd4 Nxc5 17. Nxc5 Bxc5 18. Nxe6 fxe6 19. Be3 Bxe3 20. Rxe3 e5 21. Bg6 e4 22. Qh5 Qf4 23. Re2 Ne5 24. Rd1 Qf6 25. Bxe4 dxe4 26. Rxd8 Rxd8 27. Rxe4 Nd3 28. Qxa5 Qxf2+ 29. Kh2 Nf4 30. Qxd8+ Kh7 31. Rxf4 Qxf4+ 32. Kh1 Qf1+ 33. Kh2 Qf4+ 34. Kh1 Qf1+ 35. Kh2 Qf4+ 1/2-1/2